The Oxford English dictionary. Vol.3 (D-E)
Spremljeno u:
| Format: | Knjiga |
|---|---|
| Jezik: | Undetermined |
| Izdano: |
Oxford
Clarendon Press
1961
|
| Teme: | |
| Oznake: |
Dodaj oznaku
Bez oznaka, Budi prvi tko označuje ovaj zapis!
|
| Thư viện lưu trữ: | Trung tâm Học liệu Trường Đại học Cần Thơ |
|---|
| LEADER | 00442nam a2200157Ia 4500 | ||
|---|---|---|---|
| 001 | CTU_25592 | ||
| 008 | 210402s9999 xx 000 0 und d | ||
| 082 | |a 032 | ||
| 082 | |b M981/Vol.3 | ||
| 245 | 4 | |a The Oxford English dictionary. Vol.3 (D-E) | |
| 260 | |a Oxford | ||
| 260 | |b Clarendon Press | ||
| 260 | |c 1961 | ||
| 650 | |a encyclopedias and dictionaries | ||
| 904 | |i Minh, 980928 | ||
| 980 | |a Trung tâm Học liệu Trường Đại học Cần Thơ | ||